[Event "BCF-chT4 2223 (4NCL)"]
[Site "England"]
[Date "2023.03.25"]
[Round "7.124"]
[White "Agarwal, Aditi"]
[Black "Feavyour, John"]
[Result "0-1"]
[WhiteElo "1578"]
[BlackElo "1844"]
[PlyCount "92"]
[EventDate "2022.11.05"]
[EventType "team-swiss"]
[EventRounds "11"]
[EventCountry "ENG"]
[SourceTitle "EXT 2024"]
[Source "ChessBase"]
[SourceDate "2023.10.10"]
[SourceVersion "1"]
[SourceVersionDate "2023.10.10"]
[SourceQuality "1"]
[WhiteTeam "She Plays To Win Uni"]
[BlackTeam "Iceni II"]
[WhiteTeamCountry "ENG"]
[BlackTeamCountry "ENG"]

1. Nf3 Nf6 2. g3 g6 3. Bg2 Bg7 4. d3 d5 5. 0-0 0-0 6. Nbd2 c6 7. c3 Re8 8. Re1 e5 9. e4 dxe4 10. dxe4 Na6 11. Qc2 b5 12. Nb3 Qc7 13. h3 Bb7 14. Be3 c5 15. Nbd2 Bc6 16. Bf1 Qb7 17. Bg5 Nd7 18. a3 h6 19. Be3 Nf6 20. Bg2 Nxe4 21. Nxe4 Bxe4 22. Qe2 Bc6 23. Kh2 f5 24. Rg1 Kh7 25. Rae1 Rad8 26. Nh4 Bxg2 27. Rxg2 c4 28. Rd1 Rxd1 29. Qxd1 Qe7 30. Nf3 Rd8 31. Qc2 Nc5 32. Rg1 Nd3 33. Ne1 e4 34. Nxd3 exd3 35. Qd2 a6 36. g4 Qe4 37. Qd1 Be5+ 38. f4 Bxf4+ 39. Bxf4 Qxf4+ 40. Kh1 Qe4+ 41. Rg2 fxg4 42. hxg4 Rf8 43. Kg1 Qe3+ 44. Kh1 Rf2 45. Qg1 Qh3+ 46. Rh2 Qxh2+ 0-1

[Event "BCF-chT4 2223 (4NCL)"]
[Site "England"]
[Date "2022.11.05"]
[Round "1.75"]
[White "Feavyour, John"]
[Black "Manickam, Saravanna Bava"]
[Result "1-0"]
[WhiteElo "1844"]
[BlackElo "1807"]
[PlyCount "55"]
[EventDate "2022.11.05"]
[EventType "team-swiss"]
[EventRounds "11"]
[EventCountry "ENG"]
[SourceTitle "EXT 2024"]
[Source "ChessBase"]
[SourceDate "2023.10.10"]
[SourceVersion "1"]
[SourceVersionDate "2023.10.10"]
[SourceQuality "1"]
[WhiteTeam "Iceni II"]
[BlackTeam "Coventry"]
[WhiteTeamCountry "ENG"]
[BlackTeamCountry "ENG"]

1. d4 Nf6 2. c4 e6 3. Nc3 b6 4. e4 Bb4 5. Bd3 Bb7 6. Qe2 0-0 7. Bd2 d5 8. cxd5 exd5 9. e5 Bxc3 10. bxc3 Ne4 11. Nf3 c5 12. 0-0 Nxd2 13. Nxd2 Qh4 14. f4 Nc6 15. g3 Qh3 16. Nf3 h6 17. Nh4 Bc8 18. Qe3 c4 19. Bc2 g6 20. Qf3 Ne7 21. Ng2 Bg4 22. Qf2 Nf5 23. Ne3 Rfd8 24. Nxg4 Qxg4 25. Bd1 Qh3 26. Bf3 Ne7 27. Qe2 h5 28. Rfe1 1-0

[Event "BCF-chT4S 1920 (4NCL)"]
[Site "England"]
[Date "2020.01.12"]
[Round "4.73"]
[White "Feavyour, John"]
[Black "Taylor, Robert P"]
[Result "0-1"]
[WhiteElo "1944"]
[BlackElo "1832"]
[PlyCount "90"]
[EventDate "2019.11.09"]
[EventType "team-swiss"]
[EventRounds "11"]
[EventCountry "ENG"]
[SourceTitle "EXT 2022"]
[Source "ChessBase"]
[SourceDate "2021.10.06"]
[SourceVersion "1"]
[SourceVersionDate "2021.10.06"]
[SourceQuality "1"]
[WhiteTeam "Iceni II"]
[BlackTeam "Ashfield II"]
[WhiteTeamCountry "ENG"]
[BlackTeamCountry "ENG"]

1. d4 d5 2. c4 c6 3. Nf3 Nf6 4. Nc3 e6 5. Bg5 Bd6 6. e3 Nbd7 7. Bd3 0-0 8. 0-0 dxc4 9. Bxc4 h6 10. Bh4 Qc7 11. Bg3 Bxg3 12. hxg3 e5 13. Rc1 exd4 14. Qxd4 Qa5 15. Rfd1 Nb6 16. Be2 Nbd5 17. Nxd5 Nxd5 18. a3 Be6 19. Rc5 Qd8 20. Qd2 Qe7 21. b4 Nf6 22. Nd4 Ne4 23. Qc2 Nxc5 24. bxc5 Rad8 25. Rb1 Bc8 26. Bf3 Qg5 27. Qc3 Rfe8 28. Kf1 Re5 29. Rc1 Rde8 30. Ke2 Bg4 31. Kf1 Qh5 32. Ke2 Rd5 33. Rc2 Bxf3+ 34. Nxf3 Red8 35. Rc1 Rd3 36. Qxd3 Rxd3 37. Kxd3 Qd5+ 38. Nd4 Qa2 39. Nc2 b6 40. cxb6 axb6 41. f3 c5 42. Ra1 Qb3+ 43. Kd2 b5 44. Rd1 c4 45. Kc1 c3 0-1

[Event "BCF-chT3S 1819 (4NCL) Promotion pool"]
[Site "England"]
[Date "2019.04.14"]
[Round "8.46"]
[White "Frostick, Helen M"]
[Black "Feavyour, John"]
[Result "1/2-1/2"]
[WhiteElo "1951"]
[BlackElo "1960"]
[PlyCount "55"]
[EventDate "2019.04.14"]
[EventType "team-tourn"]
[EventRounds "11"]
[EventCountry "ENG"]
[SourceTitle "EXT 2021"]
[Source "ChessBase"]
[SourceDate "2020.10.23"]
[SourceVersion "1"]
[SourceVersionDate "2020.10.23"]
[SourceQuality "1"]
[WhiteTeam "CSC Dragons"]
[BlackTeam "Iceni"]
[WhiteTeamCountry "ENG"]
[BlackTeamCountry "ENG"]

1. e4 c5 2. Nf3 d6 3. Bb5+ Bd7 4. Bxd7+ Qxd7 5. 0-0 Nc6 6. c4 Nf6 7. Nc3 g6 8. d4 cxd4 9. Nxd4 Bg7 10. Nc2 0-0 11. f3 Rac8 12. Bd2 Ne5 13. b3 a6 14. Ne3 Nc6 15. Rc1 e6 16. Be1 Bh6 17. Bf2 Rcd8 18. Qe2 Nd4 19. Qd3 e5 20. Rcd1 Nh5 21. Ncd5 f5 22. Nc2 fxe4 23. Qxe4 Nxc2 24. Qxc2 Bg7 25. Qd2 Qe6 26. Bb6 Rd7 27. Nc7 Qf7 28. Nd5 1/2-1/2

[Event "BCF-chT3Sb 1819 (4NCL)"]
[Site "England"]
[Date "2019.04.13"]
[Round "7.52"]
[White "Feavyour, John"]
[Black "Clark, Kevin R"]
[Result "0-1"]
[WhiteElo "1960"]
[BlackElo "2125"]
[PlyCount "52"]
[EventDate "2018.11.17"]
[EventType "team-tourn"]
[EventRounds "7"]
[EventCountry "ENG"]
[SourceTitle "EXT 2021"]
[Source "ChessBase"]
[SourceDate "2020.10.23"]
[SourceVersion "1"]
[SourceVersionDate "2020.10.23"]
[SourceQuality "1"]
[WhiteTeam "Iceni II"]
[BlackTeam "Poisoned Pawns"]
[WhiteTeamCountry "ENG"]
[BlackTeamCountry "ENG"]

1. d4 e6 2. c4 Nf6 3. Nc3 Bb4 4. e3 d5 5. Nf3 c5 6. Bd3 Nc6 7. 0-0 dxc4 8. Bxc4 0-0 9. a3 Bxc3 10. bxc3 Qc7 11. Qc2 e5 12. dxe5 Nxe5 13. Nxe5 Qxe5 14. f4 Qe7 15. Bd2 b6 16. Rae1 Bb7 17. Bd3 Be4 18. Bxe4 Qxe4 19. Rc1 c4 20. Qxe4 Nxe4 21. Rfd1 Rad8 22. Be1 Rd3 23. Kf1 Rfd8 24. Ke2 f5 25. h3 h5 26. Bh4 Rxd1 0-1

[Event "BCF-chT3Sa 1819 (4NCL)"]
[Site "England"]
[Date "2019.02.10"]
[Round "6.45"]
[White "Feavyour, John"]
[Black "John, Joshua"]
[Result "1/2-1/2"]
[WhiteElo "1973"]
[BlackElo "1617"]
[PlyCount "50"]
[EventDate "2018.11.17"]
[EventType "team-tourn"]
[EventRounds "7"]
[EventCountry "ENG"]
[SourceTitle "EXT 2021"]
[Source "ChessBase"]
[SourceDate "2020.10.23"]
[SourceVersion "1"]
[SourceVersionDate "2020.10.23"]
[SourceQuality "1"]
[WhiteTeam "Iceni"]
[BlackTeam "CSC II"]
[WhiteTeamCountry "ENG"]
[BlackTeamCountry "ENG"]

1. d4 Nf6 2. Nf3 e6 3. c4 b6 4. g3 Bb7 5. Bg2 d5 6. cxd5 exd5 7. 0-0 Bd6 8. Nc3 0-0 9. Nb5 Re8 10. Nxd6 Qxd6 11. Bf4 Qe7 12. Re1 c5 13. Rc1 Nbd7 14. Bh3 Ne4 15. Be3 Ndf6 16. Ne5 Bc8 17. Bg2 Bb7 18. Nf3 Ng4 19. Rf1 Nxe3 20. fxe3 c4 21. b3 b5 22. Kh1 Nd6 23. bxc4 bxc4 24. Rb1 f6 25. Nh4 Bc6 1/2-1/2

[Event "BCF-chT3Sa 1819 (4NCL)"]
[Site "England"]
[Date "2018.11.18"]
[Round "2.46"]
[White "Feavyour, John"]
[Black "Harvey, John N"]
[Result "1-0"]
[WhiteElo "1970"]
[BlackElo "1710"]
[PlyCount "119"]
[EventDate "2018.11.17"]
[EventType "team-tourn"]
[EventRounds "7"]
[EventCountry "ENG"]
[SourceTitle "EXT 2021"]
[Source "ChessBase"]
[SourceDate "2020.10.23"]
[SourceVersion "1"]
[SourceVersionDate "2020.10.23"]
[SourceQuality "1"]
[WhiteTeam "Iceni"]
[BlackTeam "Leeds University Old Boys"]
[WhiteTeamCountry "ENG"]
[BlackTeamCountry "ENG"]

1. d4 e6 2. c4 c5 3. e3 Nf6 4. Nc3 d5 5. Nf3 Nc6 6. a3 cxd4 7. Nxd4 Be7 8. Be2 0-0 9. 0-0 Nxd4 10. Qxd4 dxc4 11. Qxc4 Bd7 12. Bf3 Qb6 13. b4 Rac8 14. Qb3 Bc6 15. e4 Rfd8 16. Be3 Qc7 17. Rfd1 b6 18. Rxd8+ Rxd8 19. Rc1 Qb7 20. b5 Be8 21. a4 e5 22. Be2 Rc8 23. f3 Bc5 24. Bxc5 Rxc5 25. Na2 Qc7 26. Bc4 g6 27. Nb4 Kg7 28. Na6 Qd6 29. Nxc5 Qxc5+ 30. Kf1 Nd7 31. Qb2 Qe7 32. Bd5 Nc5 33. Qc2 Qh4 34. Kg1 h5 35. Qc4 Qf6 36. a5 h4 37. axb6 axb6 38. Qe2 h3 39. g3 Qg5 40. Ra1 Bxb5 41. f4 Qxg3+ 42. hxg3 Bxe2 43. fxe5 Bg4 44. Ra7 Ne6 45. Bxe6 Bxe6 46. Rb7 Kh6 47. Rxb6 Kg5 48. Kf2 Kg4 49. Rb8 Bc4 50. Rh8 Be6 51. Rh4+ Kg5 52. Kf3 Bd7 53. Ke3 Be6 54. Kd4 Bd7 55. Kc5 Be6 56. Kd6 h2 57. Ke7 h1Q 58. Rxh1 Kg4 59. Rf1 Kxg3 60. Rxf7 1-0

[Event "BCF-chT3Sb 1819 (4NCL)"]
[Site "England"]
[Date "2018.11.17"]
[Round "1.82"]
[White "Jones, Christopher M"]
[Black "Feavyour, John"]
[Result "0-1"]
[WhiteElo "2128"]
[BlackElo "1970"]
[PlyCount "84"]
[EventDate "2018.11.17"]
[EventType "team-tourn"]
[EventRounds "7"]
[EventCountry "ENG"]
[SourceTitle "EXT 2021"]
[Source "ChessBase"]
[SourceDate "2020.10.23"]
[SourceVersion "1"]
[SourceVersionDate "2020.10.23"]
[SourceQuality "1"]
[WhiteTeam "The Rookies"]
[BlackTeam "Iceni II"]
[WhiteTeamCountry "ENG"]
[BlackTeamCountry "ENG"]

1. e4 c5 2. Nc3 Nc6 3. g3 g6 4. Bg2 Bg7 5. Nge2 e6 6. 0-0 Nge7 7. d3 0-0 8. Be3 d6 9. Qd2 Nd4 10. Nd1 Nxe2+ 11. Qxe2 h6 12. Qd2 Kh7 13. d4 cxd4 14. Bxd4 e5 15. Be3 Be6 16. Nc3 Qd7 17. Rfd1 Rfd8 18. f4 f5 19. fxe5 dxe5 20. Qf2 Qe8 21. Rxd8 Rxd8 22. Bxa7 b5 23. Bc5 Bc4 24. Re1 Be6 25. Bh3 Bc8 26. Bf1 Bd7 27. Bd3 fxe4 28. Nxe4 Nd5 29. Rf1 Bh3 30. Rd1 Qc6 31. Qe2 Nf6 32. Nxf6+ Bxf6 33. b4 e4 34. g4 exd3 35. Rxd3 Rxd3 36. cxd3 Qd7 37. Qc2 Qxg4+ 38. Kh1 Qc8 39. Qf2 Qf5 40. Qg3 Qf1+ 41. Bg1 Bf5 42. h4 Qxd3 0-1

[Event "BCF-ch Seniors 65"]
[Site "Hull"]
[Date "2018.08.02"]
[Round "5"]
[White "Feavyour, John"]
[Black "James, Geoffrey H"]
[Result "0-1"]
[WhiteElo "1980"]
[BlackElo "2163"]
[PlyCount "50"]
[EventDate "2018.07.29"]
[EventType "swiss"]
[EventRounds "7"]
[EventCountry "ENG"]
[SourceTitle "CBM 185 Extra"]
[Source "ChessBase"]
[SourceDate "2018.07.29"]
[SourceVersion "1"]
[SourceVersionDate "2018.07.29"]
[SourceQuality "1"]

1. d4 Nf6 2. c4 e6 3. Nc3 Bb4 4. e3 b6 5. Nf3 Bb7 6. Bd2 0-0 7. Bd3 d5 8. cxd5 exd5 9. 0-0 Nbd7 10. Rc1 a6 11. Ne5 Bd6 12. f4 Ne4 13. Nxe4 dxe4 14. Bc4 Nf6 15. g4 c5 16. g5 Nd5 17. Qe2 f6 18. gxf6 gxf6 19. Ng4 Kh8 20. Nh6 cxd4 21. exd4 f5 22. Rc3 Qf6 23. Bxd5 Bxd5 24. Rh3 Qg6+ 25. Qg2 Qxg2+ 0-1

[Event "BCF-chT4S 1718 (4NCL)"]
[Site "England"]
[Date "2018.05.06"]
[Round "10.15"]
[White "Foley, John P"]
[Black "Feavyour, John"]
[Result "1-0"]
[WhiteElo "1957"]
[BlackElo "1989"]
[PlyCount "27"]
[EventDate "2017.11.11"]
[EventType "team-swiss"]
[EventRounds "11"]
[EventCountry "ENG"]
[SourceTitle "EXT 2020"]
[Source "ChessBase"]
[SourceDate "2019.10.17"]
[SourceVersion "1"]
[SourceVersionDate "2019.10.17"]
[SourceQuality "1"]
[WhiteTeam "CSC Dragons II"]
[BlackTeam "Iceni"]
[WhiteTeamCountry "ENG"]
[BlackTeamCountry "ENG"]

1. d4 Nf6 2. Nf3 g6 3. Bf4 Bg7 4. Nc3 0-0 5. e4 d6 6. Be2 Bg4 7. h3 Bxf3 8. Bxf3 c6 9. 0-0 Nbd7 10. e5 Ne8 11. Re1 dxe5 12. dxe5 Nc7 13. Bg4 h5 14. Bxd7 1-0

[Event "BCF-chT4S 1718 (4NCL)"]
[Site "England"]
[Date "2018.02.10"]
[Round "5.25"]
[White "Feavyour, John"]
[Black "Tart, Peter K"]
[Result "1/2-1/2"]
[WhiteElo "1989"]
[BlackElo "1922"]
[PlyCount "74"]
[EventDate "2017.11.11"]
[EventType "team-swiss"]
[EventRounds "11"]
[EventCountry "ENG"]
[SourceTitle "EXT 2020"]
[Source "ChessBase"]
[SourceDate "2019.10.17"]
[SourceVersion "1"]
[SourceVersionDate "2019.10.17"]
[SourceQuality "1"]
[WhiteTeam "Iceni"]
[BlackTeam "Crowthorne"]
[WhiteTeamCountry "ENG"]
[BlackTeamCountry "ENG"]

1. d4 e6 2. c4 f5 3. Nf3 Nf6 4. g3 Be7 5. Bg2 d6 6. 0-0 0-0 7. Nc3 Ne4 8. Qc2 Nxc3 9. Qxc3 Bf6 10. Rd1 Qe8 11. Qb3 e5 12. dxe5 dxe5 13. Be3 Nc6 14. Rd2 b6 15. a3 Be6 16. Qc2 e4 17. Nd4 Na5 18. Nxe6 Qxe6 19. Rc1 b5 20. b3 bxc4 21. bxc4 Rfb8 22. Rd5 Rb2 23. Qa4 Nc6 24. g4 fxg4 25. Bxe4 Qxe4 26. Qxc6 Re8 27. Qxc7 Rxe2 28. Qxa7 Qf3 29. Rcd1 g3 30. hxg3 R2xe3 31. fxe3 Qxg3+ 32. Kf1 Qf3+ 33. Kg1 Bh4 34. Rf1 Qg4+ 35. Kh1 Qh3+ 36. Kg1 Qg3+ 37. Kh1 Qh3+ 1/2-1/2

[Event "BCF-ch Seniors 65"]
[Site "Llandudno"]
[Date "2017.08.04"]
[Round "6"]
[White "Cooper, John G1111"]
[Black "Feavyour, John"]
[Result "1/2-1/2"]
[WhiteElo "1928"]
[BlackElo "1989"]
[PlyCount "45"]
[EventDate "2017.07.30"]
[EventType "swiss"]
[EventRounds "7"]
[EventCountry "WLS"]
[SourceTitle "CBM 179 Extra"]
[Source "ChessBase"]
[SourceDate "2017.08.23"]
[SourceVersion "1"]
[SourceVersionDate "2017.08.23"]
[SourceQuality "1"]

1. e4 c5 2. Nc3 Nc6 3. Bb5 e6 4. Bxc6 dxc6 5. d3 e5 6. f4 Bd6 7. f5 Nf6 8. Qf3 Qe7 9. Nge2 Bd7 10. h3 0-0-0 11. Be3 Ne8 12. 0-0 f6 13. a3 Nc7 14. b4 Nb5 15. Nxb5 cxb5 16. Qf2 b6 17. Nc3 Bc6 18. bxc5 bxc5 19. Rfb1 a6 20. Nd5 Bxd5 21. exd5 Kd7 22. c4 Rb8 23. Qd2 1/2-1/2

[Event "BCF-ch Seniors 65"]
[Site "Llandudno"]
[Date "2017.08.03"]
[Round "5"]
[White "Feavyour, John"]
[Black "Friedgood, David"]
[Result "0-1"]
[WhiteElo "1989"]
[BlackElo "2216"]
[PlyCount "92"]
[EventDate "2017.07.30"]
[EventType "swiss"]
[EventRounds "7"]
[EventCountry "WLS"]
[SourceTitle "CBM 179 Extra"]
[Source "ChessBase"]
[SourceDate "2017.08.23"]
[SourceVersion "1"]
[SourceVersionDate "2017.08.23"]
[SourceQuality "1"]

1. d4 g6 2. Nf3 Bg7 3. Nc3 d6 4. e4 a6 5. Bc4 Nf6 6. 0-0 b5 7. Bd3 Bg4 8. h3 Bxf3 9. Qxf3 Nc6 10. Nxb5 e5 11. d5 Ne7 12. Nc3 0-0 13. Bg5 Nd7 14. g4 f6 15. Be3 Rf7 16. Qg3 Qf8 17. Kh1 Bh6 18. Rae1 Bxe3 19. Qxe3 g5 20. Ne2 Qh6 21. Kh2 Nf8 22. Ng3 Nfg6 23. Nf5 Nxf5 24. exf5 Nf4 25. Be4 Qf8 26. Rh1 h5 27. Kg3 Rh7 28. b4 Qb8 29. Qb3 Qb6 30. a3 Kg7 31. Qe3 Qb5 32. Qd2 Rah8 33. Bg2 Qc4 34. Re4 Qb5 35. c4 Qa4 36. f3 hxg4 37. fxg4 Qb3+ 38. Qe3 Qc2 39. Qf3 Qd2 40. Bf1 Rh4 41. Rh2 Qc1 42. Rh1 Qc2 43. Rh2 Nh5+ 44. gxh5 Qxe4 45. Qxe4 Rxe4 46. Bg2 Re3+ 0-1

[Event "BCF-chT3S 1617 (4NCL) Demotion pool"]
[Site "England"]
[Date "2017.04.30"]
[Round "10.72"]
[White "Shepherd, Paul D"]
[Black "Feavyour, John"]
[Result "1/2-1/2"]
[WhiteElo "2065"]
[BlackElo "1985"]
[PlyCount "92"]
[EventDate "2016.11.26"]
[EventType "team-tourn"]
[EventRounds "11"]
[EventCountry "ENG"]
[SourceTitle "EXT 2019"]
[Source "ChessBase"]
[SourceDate "2018.10.10"]
[SourceVersion "1"]
[SourceVersionDate "2018.10.10"]
[SourceQuality "1"]
[WhiteTeam "Surbiton"]
[BlackTeam "Iceni"]
[WhiteTeamCountry "ENG"]
[BlackTeamCountry "ENG"]

1. e4 c5 2. Nc3 Nc6 3. g3 g6 4. Bg2 Bg7 5. d3 d6 6. Nh3 Nf6 7. 0-0 Rb8 8. f4 Nd4 9. Nf2 0-0 10. g4 e6 11. Ne2 b5 12. c3 Nxe2+ 13. Qxe2 Qc7 14. Be3 Bb7 15. Rac1 Qe7 16. Qd2 d5 17. e5 Nd7 18. d4 cxd4 19. cxd4 Nb6 20. b3 Rfc8 21. Nd3 Nd7 22. g5 Bf8 23. Rxc8 Rxc8 24. Rc1 Qa3 25. Rxc8 Bxc8 26. Qc2 Nb6 27. Bc1 Qa5 28. Bd2 b4 29. a4 Ba6 30. Nc5 Nc8 31. Nd7 Be7 32. Nf6+ Kg7 33. Be3 Qd8 34. Qc6 Bd3 35. Bf1 Bxf1 36. Kxf1 a5 37. h4 Bxf6 38. gxf6+ Kf8 39. Qb7 Nb6 40. Ke2 h5 41. Qc6 Qc8 42. Qxb6 Qc2+ 43. Kf3 Qe4+ 44. Kf2 Qc2+ 45. Kf3 Qe4+ 46. Kf2 Qc2+ 1/2-1/2

[Event "BCF-chT3Sb 1617 (4NCL)"]
[Site "England"]
[Date "2017.01.15"]
[Round "4.74"]
[White "Feavyour, John"]
[Black "Gregory, Stephen J"]
[Result "1-0"]
[WhiteElo "1966"]
[BlackElo "2072"]
[PlyCount "91"]
[EventDate "2016.11.26"]
[EventType "team-tourn"]
[EventRounds "11"]
[EventCountry "ENG"]
[SourceTitle "EXT 2019"]
[Source "ChessBase"]
[SourceDate "2018.10.10"]
[SourceVersion "1"]
[SourceVersionDate "2018.10.10"]
[SourceQuality "1"]
[WhiteTeam "Iceni"]
[BlackTeam "Anglian Avengers II"]
[WhiteTeamCountry "ENG"]
[BlackTeamCountry "ENG"]

1. d4 f5 2. Nf3 Nf6 3. g3 e6 4. Bg2 Be7 5. 0-0 0-0 6. c4 d6 7. Nc3 Qe8 8. b4 Nc6 9. a3 h6 10. d5 exd5 11. Nxd5 Nxd5 12. Qxd5+ Kh7 13. Bb2 Bf6 14. Bxf6 Rxf6 15. Rfe1 Be6 16. Qd3 Kh8 17. Rac1 Qg8 18. Qc3 Re8 19. c5 f4 20. cxd6 cxd6 21. b5 Ne7 22. Qd4 fxg3 23. hxg3 Nc8 24. Rc7 b6 25. Rec1 Qf8 26. Rb7 Re7 27. Rcc7 Rxc7 28. Rxc7 Qd8 29. Qc3 Rf7 30. Rxf7 Bxf7 31. Nd4 Ne7 32. e3 Kg8 33. Bh3 Nd5 34. Qc6 Qf6 35. Qa8+ Kh7 36. Qxa7 h5 37. Qd7 Nc3 38. Qc6 Nd5 39. Bf5+ g6 40. Be4 Ne7 41. Qxb6 Kh6 42. Qd8 Kg7 43. b6 h4 44. gxh4 Qxh4 45. Bg2 Qf6 46. b7 1-0

[Event "BCF-chT3Sb 1617 (4NCL)"]
[Site "England"]
[Date "2016.11.27"]
[Round "2.85"]
[White "Chevannes, Sabrina"]
[Black "Feavyour, John"]
[Result "0-1"]
[WhiteElo "2012"]
[BlackElo "1963"]
[PlyCount "80"]
[EventDate "2016.11.26"]
[EventType "team-tourn"]
[EventRounds "11"]
[EventCountry "ENG"]
[SourceTitle "EXT 2019"]
[Source "ChessBase"]
[SourceDate "2018.10.10"]
[SourceVersion "1"]
[SourceVersionDate "2018.10.10"]
[SourceQuality "1"]
[WhiteTeam "Cambridge University II"]
[BlackTeam "Iceni"]
[WhiteTeamCountry "ENG"]
[BlackTeamCountry "ENG"]

1. d4 d5 2. Bf4 Nf6 3. e3 e6 4. c4 c6 5. Nc3 Be7 6. Nf3 0-0 7. h3 Nbd7 8. Qc2 dxc4 9. Bxc4 b5 10. Bd3 Bb7 11. a3 Rc8 12. 0-0 a6 13. b4 g6 14. Nd2 Nd5 15. Nxd5 cxd5 16. Qd1 Nb6 17. Nb3 Na4 18. Qe2 Bd6 19. Bxd6 Qxd6 20. Nc5 Nxc5 21. bxc5 Qe7 22. a4 e5 23. axb5 e4 24. Bc2 axb5 25. Qxb5 Bc6 26. Qb6 Qe8 27. Rfb1 f5 28. Ra7 f4 29. Rc7 f3 30. g3 Qe6 31. g4 h5 32. Qxc6 Qxc6 33. Rxc6 Rxc6 34. Rb6 Rxb6 35. cxb6 Kf7 36. Ba4 Rb8 37. Bc6 Ke6 38. Kh2 hxg4 39. hxg4 g5 40. Ba4 Rxb6 0-1

[Event "BCF-ch Seniors 65"]
[Site "Bournemouth"]
[Date "2016.07.29"]
[Round "6"]
[White "Feavyour, John"]
[Black "Phillips, William"]
[Result "1/2-1/2"]
[WhiteElo "1988"]
[BlackElo "1852"]
[PlyCount "47"]
[EventDate "2016.07.24"]
[EventType "swiss"]
[EventRounds "7"]
[EventCountry "ENG"]
[SourceTitle "CBM 173 Extra"]
[Source "ChessBase"]
[SourceDate "2016.08.29"]
[SourceVersion "1"]
[SourceVersionDate "2016.08.29"]
[SourceQuality "1"]

1. d4 Nf6 2. c4 e6 3. Nc3 d5 4. Bg5 Be7 5. e3 h6 6. Bh4 0-0 7. cxd5 Nxd5 8. Bxe7 Qxe7 9. Nf3 Nxc3 10. bxc3 b6 11. Bd3 Bb7 12. 0-0 Nd7 13. Re1 c5 14. e4 cxd4 15. cxd4 Rfc8 16. Qd2 Rc7 17. Rac1 Rac8 18. Rxc7 Rxc7 19. Rc1 Nf6 20. Re1 Qa3 21. Qf4 Rc8 22. Qd2 Qc3 23. h3 Qxd2 24. Nxd2 1/2-1/2

[Event "BCF-ch Seniors 65"]
[Site "Bournemouth"]
[Date "2016.07.26"]
[Round "3"]
[White "Homolka, Vincent"]
[Black "Feavyour, John"]
[Result "1/2-1/2"]
[WhiteElo "1786"]
[BlackElo "1988"]
[PlyCount "60"]
[EventDate "2016.07.24"]
[EventType "swiss"]
[EventRounds "7"]
[EventCountry "ENG"]
[SourceTitle "CBM 173 Extra"]
[Source "ChessBase"]
[SourceDate "2016.08.29"]
[SourceVersion "1"]
[SourceVersionDate "2016.08.29"]
[SourceQuality "1"]

1. e4 c5 2. Nc3 Nc6 3. g3 g6 4. Bg2 Bg7 5. d3 d6 6. Be3 Nf6 7. h3 0-0 8. Qd2 Rb8 9. Bh6 Nd4 10. Bxg7 Kxg7 11. Nd1 e5 12. c3 Nc6 13. Ne3 Ne7 14. Ne2 d5 15. exd5 Nexd5 16. 0-0 Be6 17. Kh2 Qc7 18. Nxd5 Bxd5 19. Bxd5 Nxd5 20. f4 exf4 21. Nxf4 Nxf4 22. Qxf4 Qxf4 23. Rxf4 Rbd8 24. Rd1 Rfe8 25. Rf2 Re3 26. Rfd2 Rde8 27. Kg2 h5 28. h4 R8e6 29. Rf1 f6 30. Rf3 R3e5 1/2-1/2

[Event "BCF-chT4 1516 (4NCL)"]
[Site "England"]
[Date "2016.04.30"]
[Round "9.99"]
[White "Szwajkun, Richard"]
[Black "Feavyour, John"]
[Result "0-1"]
[WhiteElo "1676"]
[BlackElo "1990"]
[PlyCount "94"]
[EventDate "2015.11.14"]
[EventType "team-swiss"]
[EventRounds "11"]
[EventCountry "ENG"]
[SourceTitle "EXT 2017"]
[Source "ChessBase"]
[SourceDate "2016.10.25"]
[SourceVersion "1"]
[SourceVersionDate "2016.10.25"]
[SourceQuality "1"]
[WhiteTeam "Shropshire II"]
[BlackTeam "Iceni"]
[WhiteTeamCountry "ENG"]
[BlackTeamCountry "ENG"]

1. e4 c5 2. Nf3 d6 3. d4 cxd4 4. Nxd4 Nf6 5. Nc3 a6 6. Be2 e5 7. Nb3 Be7 8. 0-0 0-0 9. Be3 Be6 10. f4 exf4 11. Bxf4 Nc6 12. a4 Rc8 13. Qd2 Bxb3 14. cxb3 Qb6+ 15. Be3 Qxb3 16. h3 Ne5 17. Bg5 Qe6 18. Rad1 Rxc3 19. Bxf6 Rc6 20. Bxe7 Qxe7 21. b4 Rfc8 22. Rc1 Qc7 23. Rxc6 Qxc6 24. Rd1 Qxe4 25. Qxd6 g6 26. Bd3 Qe3+ 27. Kh1 Rc1 28. Rxc1 Qxc1+ 29. Kh2 Qf4+ 30. Kh1 Nxd3 31. Qxd3 Qxb4 32. Qd7 Qe1+ 33. Kh2 Qe5+ 34. Kg1 Qc5+ 35. Kh2 b5 36. axb5 axb5 37. g4 h6 38. Kg3 Qc3+ 39. Kg2 b4 40. h4 b3 41. g5 hxg5 42. hxg5 b2 43. Qd8+ Kg7 44. Qb6 Qd2+ 45. Kh3 Qd3+ 46. Kg2 b1Q 47. Qf6+ Kg8 0-1

[Event "BCF-chT4 1516 (4NCL)"]
[Site "England"]
[Date "2016.03.19"]
[Round "8.99"]
[White "Staniforth, Matthew"]
[Black "Feavyour, John"]
[Result "0-1"]
[WhiteElo "1874"]
[BlackElo "1990"]
[PlyCount "42"]
[EventDate "2015.11.14"]
[EventType "team-swiss"]
[EventRounds "11"]
[EventCountry "ENG"]
[SourceTitle "EXT 2017"]
[Source "ChessBase"]
[SourceDate "2016.10.25"]
[SourceVersion "1"]
[SourceVersionDate "2016.10.25"]
[SourceQuality "1"]
[WhiteTeam "West is Best II"]
[BlackTeam "Iceni"]
[WhiteTeamCountry "ENG"]
[BlackTeamCountry "ENG"]

1. e4 c5 2. Nf3 d6 3. d4 cxd4 4. Nxd4 Nf6 5. Nc3 a6 6. Be2 e5 7. Nf5 Bxf5 8. exf5 Nc6 9. Bg5 Be7 10. Bxf6 Bxf6 11. Nd5 0-0 12. c3 e4 13. 0-0 Re8 14. Re1 Rc8 15. Qb3 Na5 16. Qc2 Be5 17. Rad1 Qg5 18. Ne3 Nc6 19. Bf1 Nd4 20. Qb1 Nf3+ 21. Kh1 Bxh2 0-1

[Event "BCF-ch Seniors 65"]
[Site "Coventry"]
[Date "2015.08.01"]
[Round "6"]
[White "Goodwin, Ed H"]
[Black "Feavyour, John"]
[Result "1/2-1/2"]
[WhiteElo "1795"]
[BlackElo "2012"]
[PlyCount "80"]
[EventDate "2015.07.27"]
[EventType "swiss"]
[EventRounds "6"]
[EventCountry "ENG"]
[SourceTitle "CBM 167 Extra"]
[Source "ChessBase"]
[SourceDate "2015.09.14"]
[SourceVersion "1"]
[SourceVersionDate "2015.09.14"]
[SourceQuality "1"]

1. d4 Nf6 2. Bf4 d6 3. e3 g6 4. Nf3 Bg7 5. Bc4 0-0 6. h3 Nbd7 7. 0-0 c5 8. Nbd2 cxd4 9. exd4 Nb6 10. Bb3 Bd7 11. c3 Nbd5 12. Bh2 Rc8 13. Re1 h6 14. Ne4 Bf5 15. Nxf6+ Nxf6 16. Qe2 Re8 17. Ba4 Bd7 18. Bb3 Qa5 19. Bg3 g5 20. Nd2 Bc6 21. f3 Nh5 22. Bh2 Bd5 23. Ne4 Bxb3 24. axb3 Qb6 25. b4 e5 26. Kh1 f5 27. Ng3 Nf4 28. Qc2 exd4 29. Rxe8+ Rxe8 30. Nxf5 dxc3 31. Nxg7 Kxg7 32. Qxc3+ Kg6 33. Qc2+ Kg7 34. Bxf4 gxf4 35. Qc3+ Re5 36. Rc1 Kf6 37. Qc8 Qxb4 38. Qf8+ Kg6 39. Qg8+ Kf6 40. Qf8+ Kg6 1/2-1/2